| 000 | 01167cam a22002891i 4500 | ||
|---|---|---|---|
| 003 | SA-RiAUC | ||
| 005 | 20241113134552.0 | ||
| 008 | 241112s1997 le g b 001 0 ara c | ||
| 040 |
_aKW-ShULA _bara _cSA-RiAUC _erda |
||
| 082 | 0 | 4 |
_a251 _qSA-RiAUC |
| 090 |
_a251 _bع و ا |
||
| 100 | 1 |
_aعوامة، محمد، _d1940- _eمؤلف. |
|
| 245 | 1 | 0 |
_aأثر الحديث الشريف في اختلاف الأئمة الفقهاء رضي الله عنهم / _cبقلم محمد عوامة. |
| 250 | _aالطبعة الرابعة. | ||
| 264 | 1 |
_aبيروت : _bدار البشائر الإسلامية للطباعة والنشر والتوزيع، _c1997 |
|
| 300 |
_a236 صفحة ؛ _c24 سم |
||
| 336 |
_aنص _btxt _2rdacontent _3كتاب |
||
| 337 |
_aبدون وسيط _bn _2rdamedia |
||
| 338 |
_aمجلد _bnc _2rdacarrier |
||
| 500 | _aكشاف : صفحة 204-236. | ||
| 504 | _aببليوجرافية : صفحة 215-225. | ||
| 650 | 7 |
_aالاختلاف (فقه إسلامي) _2aucsh |
|
| 650 | 7 |
_aحجية السنة _2aucsh |
|
| 650 | 7 |
_aأصول الفقه الإسلامي _2aucsh |
|
| 942 |
_2ddc _cBOOK _n0 |
||
| 949 |
_aSA-JeALM _d241112 _ukhaled123 _n1 |
||
| 999 |
_c2341 _d2341 |
||